Die Geschichte der deutschen Treppen /
Salvato in:
| Autore principale: | |
|---|---|
| Natura: | Libro |
| Lingua: | German |
| Pubblicazione: |
Berlín, Alemania :
Wilhelm Ernst und Sohn,
1966, c1966
|
| Tags: |
Nessun Tag, puoi essere il primo ad aggiungerne!!
|
MARC
| LEADER | 00000nam^a2200000^a^4500 | ||
|---|---|---|---|
| 001 | 000558630 | ||
| 005 | 20250526000000.0 | ||
| 009 | 20260310131825.988 | ||
| 037 | |a Acervo ITESO - Biblioteca | ||
| 041 | |a ALE | ||
| 091 | |a FHA. 02097 | ||
| 100 | |a Mielke, Friedrich |e (autor) | ||
| 245 | 1 | 4 | |a Die Geschichte der deutschen Treppen / |
| 264 | 4 | |a Berlín, Alemania : |b Wilhelm Ernst und Sohn, |c 1966, c1966 | |
| 300 | |a XIV, 588 p. ; |c 34.5 cm. | ||
| 336 | |a texto |b txt |2 rdacontenido | ||
| 337 | |a sin mediación |b n |2 rdamedio | ||
| 338 | |a volumen |b nc |2 rdasoporte | ||
| 515 | |a Inventario familia Hartung: 2808 | ||
| 649 | |a XX | ||
| 910 | |a Fondo Horst Hartung Franz | ||
| 920 | |a Impresos - Libros | ||
| 930 | |a Libros Antiguos y Raros | ||
| 905 | |a 135 | ||
| 901 | |a 0500327894 |b IT2 |c LRA |i D |u 20250526 | ||
| 902 | |a https://opac.biblio.iteso.mx/vufind/Record/000558630 | ||